| 000 | 00686nam a2200205Ia 4500 | ||
|---|---|---|---|
| 001 | 9363 | ||
| 003 | GE_BSU | ||
| 008 | 181216s||||||||xx |||||||||||||| ||und|| | ||
| 040 | _cGE_BSU | ||
| 080 | _a821.353.1–1+821.353-2 | ||
| 100 | _aმოსაშვილი,ილო | ||
| 245 | _aლექსები,პოემა,პიესა | ||
| 245 | _cრედ.გ.ხუხაშვილი;მხატვ.გ.გორდელაძე | ||
| 260 | _aთბილისი | ||
| 260 | _bსახელგამი | ||
| 260 | _c1954 | ||
| 300 | _a352გვ.1ფ.პორტრ.21სმ. | ||
| 653 | _aლექსები,პოემა,პიესა | ||
| 942 | _cBK | ||
| 999 |
_c42659 _d42659 |
||